00536nam a2200205 a 450000100060000000300090000600800410001502000150005604000280007108200090009910000190010824500170012726000370014430000100018149000280019165000430021965000390026294200120030199900170031319380CO-ViMGA141112s2004 ck r 000 u spa d a8426109268 aCO-ViMGAbspacCO-ViMGA04aHERl1 aHerge, 92786410aEl Loto azul aBarcelona : bEd. Juventud; 1998 a62 p. aLas Aventuras de Tintin14aCUENTOS INFANTILES DE AVENTURAS92786514aTIRAS COMICAS - HISTORIETAS927866 2ddccBK c28532d28532